<?xml version="1.0" encoding="UTF-8"?>
<record
    xmlns:xsi="http://www.w3.org/2001/XMLSchema-instance"
    xsi:schemaLocation="http://www.loc.gov/MARC21/slim http://www.loc.gov/standards/marcxml/schema/MARC21slim.xsd"
    xmlns="http://www.loc.gov/MARC21/slim">

  <leader>01162nam a22002537a 4500</leader>
  <controlfield tag="003">OSt</controlfield>
  <controlfield tag="005">20181001065925.0</controlfield>
  <controlfield tag="008">180220b        xxu||||| |||| 00| 0 spa d</controlfield>
  <datafield tag="020" ind1=" " ind2=" ">
    <subfield code="a">9505360630</subfield>
  </datafield>
  <datafield tag="040" ind1=" " ind2=" ">
    <subfield code="c">PJ</subfield>
  </datafield>
  <datafield tag="100" ind1=" " ind2=" ">
    <subfield code="9">95</subfield>
    <subfield code="a">Morello, Augusto Mario </subfield>
  </datafield>
  <datafield tag="245" ind1="1" ind2="3">
    <subfield code="a">El proceso justo :</subfield>
    <subfield code="c">Alberto Luis Maurino; pr&#xF3;logo de Augusto C. Belluscio.</subfield>
  </datafield>
  <datafield tag="260" ind1=" " ind2=" ">
    <subfield code="a">La Plata :</subfield>
    <subfield code="c">Platense,</subfield>
    <subfield code="b">1994.</subfield>
  </datafield>
  <datafield tag="300" ind1=" " ind2=" ">
    <subfield code="a">682 p. ;</subfield>
    <subfield code="c">23 cm.</subfield>
  </datafield>
  <datafield tag="500" ind1=" " ind2=" ">
    <subfield code="a">Notas y citas bibliogr&#xE1;ficas a pie de p&#xE1;gina.</subfield>
  </datafield>
  <datafield tag="505" ind1=" " ind2=" ">
    <subfield code="a">Contenido:
Sistema constitucional de la Justicia -- A lo largo del siglo XX -- De la teor&#xED;a del debido paroceso legal al acceso real a la jurisdicci&#xF3;n -- Sociolog&#xED;a del proceso justo -- Las garant&#xED;as interiores del proceso  -- Los despliegues del proceso justo -- Los obst&#xE1;culos que impiden el acceso real al proceso justo -- Recapitulaci&#xF3;n y futuro. </subfield>
  </datafield>
  <datafield tag="650" ind1=" " ind2="0">
    <subfield code="9">267</subfield>
    <subfield code="a">DERECHO PROCESAL</subfield>
  </datafield>
  <datafield tag="650" ind1=" " ind2="0">
    <subfield code="9">178</subfield>
    <subfield code="a">DERECHO CONSTITUCIONAL</subfield>
  </datafield>
  <datafield tag="650" ind1=" " ind2="0">
    <subfield code="9">2401</subfield>
    <subfield code="a">PROCESO JUDICIAL</subfield>
  </datafield>
  <datafield tag="650" ind1=" " ind2="0">
    <subfield code="9">615</subfield>
    <subfield code="a">DERECHOS Y GARANTIAS CONSTITUCIONALES</subfield>
  </datafield>
  <datafield tag="650" ind1=" " ind2="0">
    <subfield code="9">586</subfield>
    <subfield code="a">DEFENSA EN JUICIO</subfield>
  </datafield>
  <datafield tag="650" ind1=" " ind2="0">
    <subfield code="9">180</subfield>
    <subfield code="a">DEBIDO PROCESO</subfield>
  </datafield>
  <datafield tag="942" ind1=" " ind2=" ">
    <subfield code="2">udc</subfield>
    <subfield code="c">LIB</subfield>
    <subfield code="h">347.9:342.4</subfield>
    <subfield code="i">MOR</subfield>
  </datafield>
  <datafield tag="999" ind1=" " ind2=" ">
    <subfield code="c">1603</subfield>
    <subfield code="d">1603</subfield>
  </datafield>
  <datafield tag="952" ind1=" " ind2=" ">
    <subfield code="0">0</subfield>
    <subfield code="1">0</subfield>
    <subfield code="2">udc</subfield>
    <subfield code="4">0</subfield>
    <subfield code="7">0</subfield>
    <subfield code="a">DJS</subfield>
    <subfield code="b">DJS</subfield>
    <subfield code="d">2018-10-01</subfield>
    <subfield code="o">347.9:342.4 MOR</subfield>
    <subfield code="p">0494</subfield>
    <subfield code="r">2018-10-01</subfield>
    <subfield code="w">2018-10-01</subfield>
    <subfield code="y">LIB</subfield>
  </datafield>
  <datafield tag="952" ind1=" " ind2=" ">
    <subfield code="0">0</subfield>
    <subfield code="1">0</subfield>
    <subfield code="2">udc</subfield>
    <subfield code="4">0</subfield>
    <subfield code="7">0</subfield>
    <subfield code="a">DJN</subfield>
    <subfield code="b">DJN</subfield>
    <subfield code="d">2018-10-01</subfield>
    <subfield code="o">347.9:342.4 MOR</subfield>
    <subfield code="p">RG 2044</subfield>
    <subfield code="r">2024-12-02</subfield>
    <subfield code="w">2018-10-01</subfield>
    <subfield code="y">LIB</subfield>
  </datafield>
</record>
